| 000 | 00374nam a22001577a 4500 | ||
|---|---|---|---|
| 999 |
_c3825 _d3825 |
||
| 003 | Nust | ||
| 005 | 20170105101226.0 | ||
| 008 | 161208b xxu||||| |||| 00| 0 eng d | ||
| 040 |
_a0 _c0 |
||
| 082 | _2338.1 | ||
| 100 | _4Evan Allan | ||
| 245 | _aFundamentals of agricultural economics | ||
| 260 |
_aNew Delhi _bRandom exports _c2013 |
||
| 300 | _a336p | ||
| 942 |
_2ddc _cBK |
||